Llegando a ti - Kimi Ni Todoke - Estadísticas

Estadísticas generales
  • Esta prueba ha sido intentada 6 veces
  • La puntuación promedio es 5 de 9
Estadísticas de respuestas
Imagen Respuesta % Correcto
Sawako Kuronuma
100%
Shota Kazehaya
75%
Ume Kurumisawa “Kurumi”
75%
Ayane Yano
50%
Chizuru “Chizu” Yoshida
50%
Kento Miura
50%
Toru Sanada
50%
Pin
25%
Ryu Sanada
25%
No se encontraron pruebas coincidentes
Distribución de puntuación
Porcentaje de gente con cada puntuación
Porcentaje por número respondido
Historial de tus puntuaciones
No has intentado esta prueba.